=LDR 00000nam 2200000 4500 =001 INLIS000000000044405 =005 20131008105827 =008 ***********************************Ind** =035 ##$$0010-101300000002327 =041 ##$$a Ind =082 ##$$a 371.42 =090 ##$$a 371.42, Suk p =100 ##$$a Sukardi, Dewa Ketut =245 ##$$a Pendekatan konseling karir di dalam bimbingan karir, Suatu pendekatan, Dewa Ketut Sukardi =260 ##$$a 1989 $b Jakarta =300 ##$$a 208 hlm, 21 cm =650 ##$$a Bimbingan Kejurusan =850 ##$$a NBPNMAT =990 ##$$a 0001/BPAP-NTB/20142015